000 00716nam a2200253Ia 4500
003 OSt
005 20220930184849.0
006 a|||||r|||| 00| 0
007 ta
008 220926b |||||||| |||| 00| 0 eng d
024 _a65,348
037 _cGeneral Books
040 _aCRL
_cCRL
_beng
041 _2eng
_aeng
082 _aX.73sa, M0
100 _aBalachandran M.
_9557407
245 0 _aRegional statistics
_b A guide to information sources
260 _aDetroit
_bGale Research Company
_c1980
300 _a257p.
_ccm.
490 _aEconomics information guide series, 13
650 _aECONOMICS
942 _hX.73sa, M0
_cGB
_2CC
999 _c889160
_d889160